01009nam a2200301Ia 450000500170000000800270001702000180004410000180006224500960008025000170017630000490019353400120024265000400025465000550029465000420034970000290039170000280042070000240044870000300047294200150050226400410051733600270055833700330058533800280061804000350064608400110068199900150069220220317000241.0141031s9999 ck 000 0 spa d a97860740029351 aBradman, Tony10aLucas bser diferente no siempre es fácil..cTony Bradman, Tony Ross ; traducción Kunas a1a edición a28 páginasbilustraciones en colorc28 cm. tMichael142LEMBaÁlbumes infantiles ingleses142LEMBaEducación de niñosvÁlbumes infantiles142LEMBaActitudesvÁlbumes infantiles1 aRoss, Tony,d1938-950531 aKunasetraductor9110741 aTony,d1938-9110751 aBradman, Tony Ross911076 2loccBKINF aMéxico bOcéano Travesíac2010 atextobtxt2rdacontent asin mediaciónbn2rdamedia avolumenbnc2rdacarrier aCO-BoRNBPbspaerdacCO-BoRNBP aA BRA3 c3520d3520